Statistics for 12 Countries

Click here to take the quiz!

General Stats

  • This quiz has been taken 243 times
  • The average score is 8 of 12

Answer Stats

HintAnswer% Correct
Xian, Kunming, HarbinChina
93%
Ho Chi Minh, Da Nang, Nha TrangVietnam
76%
Ipanema, Salvador, and Campo GrandeBrazil
75%
Red Square, Nevsky ProspectRussia
74%
San Cristóbal de las Casas, Cuernavaca, VeracruzMexico
72%
Kanchanaburi, Phuket, Chiang MaiThailand
69%
Lucknow, Jaipur, PuneIndia
66%
Mendoza, Salta, RosarioArgentina
65%
Phnom Penh, Siem ReapCambodia
64%
Barranquilla, Cali, CartagenaColombia
61%
Trujillo, Nazca, MirafloresPeru
56%
Puerto Barrios, Monterrico, QuetzaltenangoGuatemala
36%

Score Distribution

Percentile by Number Answered

Percent of People with Each Score

Your Score History

You have not taken this quiz